Návrh inovačnej stratégie sortimentu ponukovej kolekcie v Makyte, a.s., Púchov : Diplomová práca

Gespeichert in:
Bibliographische Detailangaben
1. Verfasser: Durdiaková, Zuzana (Verfasst von)
Weitere Verfasser: Sakál, Peter, 1951- (xxx)
Format: Manuskript Buch
Sprache:Slowakisch
Veröffentlicht: Trnava : STU v Bratislave MtF KMK, 2001
Schlagworte:
Tags: Tag hinzufügen
Keine Tags, Fügen Sie das erste Tag hinzu!

MARC

LEADER 00000ntm a22000003a 4500
001 stu85136
005 20160719154749.7
008 040323s2001----xo------------------slo-d
040 |a STU  |b slo 
041 0 |a slo 
044 |a xo 
100 1 |a Durdiaková, Zuzana  |4 aut 
245 1 |a Návrh inovačnej stratégie sortimentu ponukovej kolekcie v Makyte, a.s., Púchov :  |b Diplomová práca 
260 |a Trnava :  |b STU v Bratislave MtF KMK,  |c 2001 
300 |a 70 s  |c príl 
650 7 |a manažment priemyselných podnikov  |2 stusub 
700 1 |a Sakál, Peter,  |d 1951-  |4 xxx  |u M4000  |U MTF Materiálovotechnologická fakulta  |T MTF Ústav priemyselného inžinierstva a manažmentu  |X 325  |U M4000  |Y 84  |7 A000000325